| 000 | 00473nam a22001577a 4500 | ||
|---|---|---|---|
| 008 | 160219b xxu||||| |||| 00| 0 eng d | ||
| 020 | _a0521019281 | ||
| 040 |
_aKABU _cKABU |
||
| 100 | _aProvost, Rene | ||
| 245 |
_aInternational Humand Rights and Humanitarian Law _cRene Provost |
||
| 260 |
_aNew York _bCambridge University Press _c2002 |
||
| 300 | _axlii, 418p. | ||
| 650 | _aHumanitarian Law | ||
| 650 | _aHuman Rights | ||
| 942 |
_2lcc _cBK _hKZ6471 _k.P76 2002 |
||
| 999 |
_c15709 _d15709 |
||